000 00415nam a22001097a 4500
008 110623t xxu||||| |||| 00| 0 eng d
010 _aHCCSF94
245 _aThe Court Of Civil Suit No. 1359 of 1998 Labeja Nelson Vs A.D. & Sons and others.
260 _c1998
500 _aBefore: The Hon. Mr. Justice G. Tinyinondi.
999 _c3758
_d3758